Who's the actor behind the character ? #1 - Statistics

General Stats
  • This quiz has been taken 26 times
  • The average score is 8 of 20
Answer Stats
Hint Answer % Correct
Danny Ocean George Clooney
83%
Pete « Maverick » Mitchell Tom Cruise
83%
Erin Brockovich Julia Roberts
74%
Sarah Connor Linda Hamilton
70%
Apollo Creed Carl Weathers
65%
Dr. King Schultz Christoph Waltz
57%
James Gordon Gary Oldman
52%
Bryan Mills Liam Neeson
39%
Sonny James Caan
35%
Larry Daley Ben Stiller
30%
Maggie Fitzgerald Hilary Swank
30%
Stanley Ipkiss Jim Carrey
30%
Dominic Cobb Leonardo DiCaprio
30%
Nellie LaRoy Margot Robbie
30%
Vicky Rebecca Hall
30%
Barnabas Collins Johnny Depp
22%
Sean Maguire Robin Williams
22%
Cliff Booth Brad Pitt
17%
John Bennett Mark Wahlberg
17%
Jenny Curran Robin Wright
17%
No matching quizzes found
Score Distribution
Percent of People with Each Score
Percentile by Number Answered
Your Score History
You have not taken this quiz